Formación de maestros, profesión y trabajo docente
Zapisane w:
| Główni autorzy: | , |
|---|---|
| Format: | Książka |
| Język: | hiszpański |
| Wydane: |
Bogotá
Universidad Pedagógica Nacional
2005
|
| Wydanie: | 1a. ed |
| Hasła przedmiotowe: | |
| Etykiety: |
Dodaj etykietę
Nie ma etykietki, Dołącz pierwszą etykiete!
|
MARC
| LEADER | 00000nam a2200000 a 4500 | ||
|---|---|---|---|
| 001 | UCJ1297 | ||
| 003 | CL-VaPUC | ||
| 008 | 061013e20050000CK |||||||||||||||||spa|d | ||
| 020 | |a 9588226430 | ||
| 082 | 0 | 4 | |a 371.1 |b PUL |2 21 |
| 100 | 0 | |a Pulido Chaves, Orlando |e author |9 501849 | |
| 700 | 0 | |a Baquero Reyes, Sua Dabeida |e author |9 501850 | |
| 245 | 1 | 0 | |a Formación de maestros, profesión y trabajo docente |
| 250 | |a 1a. ed | ||
| 300 | |a 286 p | ||
| 942 | |c BK | ||
| 945 | |d 20061013 00:00:00 |a cmena | ||
| 260 | |a Bogotá |b Universidad Pedagógica Nacional |c 2005 | ||
| 650 | 0 | |a Formación profesional de profesores |9 307493 | |
| 650 | 0 | |a Carrera docente |9 501851 | |
| 650 | 0 | |a Política gubernamental |9 262286 | |
| 650 | 0 | |a Problemas sociales |9 258537 | |
| 650 | 7 | |a CONDICIONES LABORALES |2 CL-VaPUC |9 381428 | |
| 650 | 0 | |a Participación social |9 256140 | |
| 650 | 0 | |a Rol del docente |9 329733 | |
| 583 | |a last modification |c 20061013 00:00:00 |k Rodrigo Vera | ||
| 999 | |c 317918 |d 317916 | ||
| 952 | |0 0 |1 0 |4 0 |6 371_100000000000000_PUL_2005 |7 0 |8 A |9 395002 |a BIBEDU |b BIBEDU |d 2019-11-22 |i 4277767 |o 371.1 PUL 2005 |p 4277767 |r 2019-11-22 |w 2019-11-22 |y BK |k EDU | ||